| 000 | 00485nam a22001697a 4500 | ||
|---|---|---|---|
| 003 | CEME | ||
| 005 | 20210628202949.0 | ||
| 008 | 210119b xxu||||| |||| 00| 0 eng d | ||
| 040 | _c. | ||
| 082 | _a297.1227 MUH | ||
| 100 |
_aMuhammad Hifz Ur Rehman _962586 |
||
| 245 | _aQassas ul quran | ||
| 260 |
_aLAHORE _bMAKTABA-E-DARUL-ULOOM _c2002 |
||
| 300 | _a2 VOLS | ||
| 650 |
_aISLAM-QASSAS UL QURAN.ISLAM-BIOGRAPHY-AMBEYAEE.ISLAM-TAFSEER-QASSAS UL QURAN. _962587 |
||
| 942 |
_cBK _2ddc |
||
| 999 |
_c571655 _d571655 |
||